000 00333nam a22001337a 4500
008 150521b xxu||||| |||| 00| 0 eng d
020 _a8178087987
082 _a621.38SMI
100 _aSmith, I Mckenzie
245 _aHughes:Electrical and electronic technology
250 _a8th Ed.
260 _aIndia
_bPerson Education
942 _cBK
999 _c23113
_d23113